000 00621nam a22001937a 4500
005 20251108164805.0
008 250721s1997 xx 000 0 ara d
082 1 4 _a370.956/أسم
100 1 _aالأسمر، أحمد رجب
245 1 0 _aفلسفة التربية في الإسلام :
_bإنتماء و إرتقاء /
264 1 _aعمان :
_bدار الفرقان للنشر والتوزيع،
_c1997.
300 _a599ص
650 1 7 _aالتربية
650 1 7 _aالإسلام
650 1 7 _aالآداب الإسلامية
650 1 7 _aتاريخ التربية
942 _2ddc
_cREF
999 _c14430
_d14430